[Event "Weekend A"]
[Site "Bari ITA"]
[Date "2003.01.18"]
[Round "1"]
[White "Coratella, Giuseppe"]
[Black "Garrapa, Gianluigi"]
[Result "1-0"]
[WhiteElo "2164"]
[BlackElo "1864"]
[PlyCount "111"]
[EventDate "2003.01.18"]

1. e4 e5 2. Nf3 Nc6 3. d4 exd4 4. Nxd4 Bc5 5. Nb3 Bb6 6. Nc3 Qf6 7. Qe2 Nge7 8.
Be3 O-O 9. O-O-O d6 10. Nb5 Be6 11. Kb1 Bxb3 12. axb3 Rfc8 13. f4 Bxe3 14. Qxe3
Ng6 15. g3 a6 16. Nc3 Nb4 17. h4 Re8 18. h5 Nf8 19. Bg2 Rab8 20. g4 Ne6 21.
Rhf1 Nc5 22. e5 Qe7 23. Qd4 Nc6 24. Bxc6 dxe5 25. fxe5 bxc6 26. Qc4 a5 27. e6
fxe6 28. Ne4 Nxe4 29. Qxe4 c5 30. Qe5 Rb6 31. g5 Rd6 32. g6 Rxd1+ 33. Rxd1 h6
34. Rf1 Rf8 35. Rxf8+ Kxf8 36. Qf4+ Kg8 37. Qf3 Qe8 38. Qb7 e5 39. Kc1 Kf8 40.
Qxc7 e4 41. Qxc5+ Kg8 42. Kd2 Qd7+ 43. Ke3 Qh3+ 44. Kxe4 Qg4+ 45. Kd3 Qd1+ 46.
Kc4 Qxc2+ 47. Kb5 Qxb3+ 48. Ka6 Qe6+ 49. Qb6 Qe2+ 50. Qb5 Qe6+ 51. Kxa5 Qa2+
52. Kb6 Qe6+ 53. Qc6 Qe3+ 54. Kc7 Qe7+ 55. Kc8 Qf8+ 56. Kd7 1-0

[Event "Weekend A"]
[Site "Bari ITA"]
[Date "2003.01.18"]
[Round "1"]
[White "Di Lascio, Savino"]
[Black "Shytaj, Carlo"]
[Result "0-1"]
[WhiteElo "1864"]
[BlackElo "2127"]
[PlyCount "94"]
[EventDate "2003.01.18"]

1. Nf3 Nf6 2. g3 b6 3. Bg2 Bb7 4. O-O e6 5. d3 d5 6. c3 c5 7. Qc2 Be7 8. Nbd2
Nc6 9. e4 e5 10. Re1 d4 11. Nc4 Qc7 12. cxd4 Nxd4 13. Nxd4 exd4 14. Bf4 Qc6 15.
Ne5 Qe6 16. Qa4+ Kf8 17. Qc4 Qxc4 18. Nxc4 Nh5 19. Bd6 Bxd6 20. Nxd6 Ba6 21. e5
Rd8 22. Bf3 Nf6 23. Nb7 Bxb7 24. Bxb7 Nd5 25. a3 Ke7 26. Re2 g5 27. Rae1 g4 28.
Kg2 Ke6 29. Re4 Rhg8 30. Ba6 h5 31. Bc4 Rg5 32. h3 Ke7 33. Bb3 b5 34. hxg4 hxg4
35. Rh1 Nb6 36. Rh7 c4 37. dxc4 bxc4 38. Bd1 c3 39. bxc3 dxc3 40. Bb3 Rf8 41.
e6 Rb5 42. exf7+ Kd8 43. Bc2 Rb2 44. Re2 Nc4 45. Rg7 Kc7 46. Rxg4 Nxa3 47. Bg6
Rxe2 0-1

[Event "Weekend A"]
[Site "Bari ITA"]
[Date "2003.01.18"]
[Round "1"]
[White "Indelicati, Giuseppe"]
[Black "Lorusso, Lucio"]
[Result "1-0"]
[WhiteElo "2206"]
[BlackElo "2059"]
[PlyCount "77"]
[EventDate "2003.01.18"]

1. e4 c6 2. d4 d5 3. Nc3 dxe4 4. Nxe4 Bf5 5. Ng3 Bg6 6. h4 h6 7. f4 e6 8. Nf3
Nd7 9. h5 Bh7 10. Bd3 Bxd3 11. Qxd3 Qc7 12. Bd2 Ngf6 13. O-O-O O-O-O 14. Ne5
Nc5 15. Qe3 Na4 16. Kb1 Nd5 17. Qb3 Ndb6 18. Ba5 Bd6 19. Ne4 Bxe5 20. fxe5 Rd5
21. Nd6+ Kb8 22. Qxa4 Nxa4 23. Bxc7+ Kxc7 24. Rhf1 f6 25. c4 Ra5 26. Rd3 fxe5
27. dxe5 Rd8 28. Rf7+ Kb8 29. Rg3 Rg8 30. Rxb7+ Ka8 31. Rgxg7 Rf8 32. Rbc7 Rf1+
33. Kc2 Rf2+ 34. Kc1 Rf8 35. Rgf7 Rb8 36. b4 Rxb4 37. Rf8+ Rb8 38. Rxb8+ Kxb8
39. Rc8# 1-0

[Event "Weekend A"]
[Site "Bari ITA"]
[Date "2003.01.18"]
[Round "1"]
[White "Pizzuto, Samuele Tullio"]
[Black "Palma, Antonio"]
[Result "1-0"]
[WhiteElo "2137"]
[BlackElo "1813"]
[PlyCount "39"]
[EventDate "2003.01.18"]

1. e4 c5 2. Nc3 Nc6 3. Bb5 Nd4 4. Bc4 e6 5. Nf3 Nxf3+ 6. Qxf3 a6 7. a4 Qc7 8.
O-O Bd6 9. Qh3 Nf6 10. d3 Bf4 11. Qh4 Bxc1 12. Raxc1 Qe5 13. f4 Qh5 14. Qg3 Qg4
15. Qf2 Qh5 16. e5 Ng4 17. Qg3 O-O 18. Ne4 b6 19. h3 Nh6 20. Nf6+ 1-0

[Event "Weekend A"]
[Site "Bari ITA"]
[Date "2003.01.18"]
[Round "1"]
[White "Rizzo, Giovanbattista"]
[Black "Sarno, Carlo"]
[Result "1-0"]
[WhiteElo "2092"]
[BlackElo "1659"]
[PlyCount "55"]
[EventDate "2003.01.18"]

1. d4 d5 2. c4 Nf6 3. cxd5 Nxd5 4. Nf3 e6 5. e4 Nf6 6. Nc3 a6 7. Bg5 Be7 8. Bd3
Nc6 9. Rc1 O-O 10. Bb1 Ne8 11. Be3 Bd7 12. O-O Kh8 13. a3 Na7 14. Qc2 g6 15.
Bh6 Rg8 16. e5 Rc8 17. Ne4 Bc6 18. Neg5 Bxg5 19. Nxg5 Qd7 20. Rfd1 f6 21. exf6
Nxf6 22. d5 exd5 23. Qc3 Rcf8 24. Bxf8 Rxf8 25. Qc5 Ra8 26. Re1 Nb5 27. Re7 Qd6
28. Nf7+ 1-0

[Event "Weekend A"]
[Site "Bari ITA"]
[Date "2003.01.18"]
[Round "1"]
[White "Tommaselli, Giacomo"]
[Black "Campanile, Roberto"]
[Result "0-1"]
[WhiteElo "2052"]
[BlackElo "2184"]
[PlyCount "30"]
[EventDate "2003.01.18"]

1. d4 Nf6 2. Nf3 g6 3. Bg5 Bg7 4. Nbd2 O-O 5. e4 d5 6. Bd3 c5 7. c3 cxd4 8.
cxd4 dxe4 9. Nxe4 Nc6 10. Be3 Bg4 11. Ned2 e5 12. Qa4 Bxf3 13. gxf3 exd4 14.
Bg5 Re8+ 15. Be4 Nxe4 0-1

[Event "Weekend A"]
[Site "Bari ITA"]
[Date "2003.01.18"]
[Round "1"]
[White "Vespe, Francesco"]
[Black "Campanile, Antonio"]
[Result "1/2-1/2"]
[WhiteElo "1849"]
[BlackElo "2180"]
[PlyCount "30"]
[EventDate "2003.01.18"]

1. d4 f5 2. c4 Nf6 3. Nc3 g6 4. Bg5 Bg7 5. Bxf6 exf6 6. e4 fxe4 7. f3 exf3 8.
Nxf3 O-O 9. Be2 Nc6 10. O-O d6 11. h3 Bh6 12. a3 a5 13. Kh1 Ne7 14. Bd3 Nf5 15.
Re1 c6 1/2-1/2

[Event "Weekend A"]
[Site "Bari ITA"]
[Date "2003.01.19"]
[Round "2"]
[White "Campanile, Roberto"]
[Black "Pizzuto, Samuele Tullio"]
[Result "1/2-1/2"]
[WhiteElo "2184"]
[BlackElo "2137"]
[PlyCount "50"]
[EventDate "2003.01.18"]

1. d4 d5 2. Nf3 Nc6 3. c4 Bg4 4. e3 e6 5. Nc3 Bb4 6. Bd2 Nge7 7. a3 Bxc3 8.
Bxc3 O-O 9. b4 a6 10. Be2 Bxf3 11. gxf3 Nf5 12. h4 Nxh4 13. f4 Qf6 14. Bd3 Nf5
15. Qh5 Nh6 16. Kd2 Rad8 17. Rag1 Kh8 18. c5 Ne7 19. Rg5 Rg8 20. Qh3 Nef5 21.
Rh5 Rge8 22. Ke2 Rd7 23. f3 Rdd8 24. Be1 Kg8 25. Rg1 Kh8 1/2-1/2

[Event "Weekend A"]
[Site "Bari ITA"]
[Date "2003.01.19"]
[Round "2"]
[White "Garrapa, Gianluigi"]
[Black "Di Lascio, Savino"]
[Result "1-0"]
[WhiteElo "1864"]
[BlackElo "1864"]
[PlyCount "51"]
[EventDate "2003.01.18"]

1. e4 c6 2. d4 d5 3. Nc3 dxe4 4. Nxe4 Nf6 5. Nxf6+ gxf6 6. Nf3 Bf5 7. Bd3 Nd7
8. O-O Bxd3 9. Qxd3 Qc7 10. g3 e6 11. Bf4 Bd6 12. Bxd6 Qxd6 13. Rfe1 O-O-O 14.
a4 h5 15. Re3 Rdg8 16. Nh4 f5 17. Rae1 f4 18. Rf3 f5 19. Qc4 fxg3 20. hxg3 Nf8
21. Nxf5 exf5 22. Re8+ Kc7 23. Qf7+ Kb6 24. Rb3+ Ka5 25. Re5+ Kxa4 26. Qc4+ 1-0

[Event "Weekend A"]
[Site "Bari ITA"]
[Date "2003.01.19"]
[Round "2"]
[White "Lorusso, Lucio"]
[Black "Vespe, Francesco"]
[Result "1/2-1/2"]
[WhiteElo "2059"]
[BlackElo "1849"]
[PlyCount "108"]
[EventDate "2003.01.18"]

1. e4 e6 2. d4 d5 3. Nc3 Nf6 4. Bg5 Bb4 5. e5 h6 6. exf6 hxg5 7. fxg7 Rg8 8. h4
gxh4 9. Qh5 Qf6 10. Rxh4 Qxg7 11. Nf3 c5 12. O-O-O Bxc3 13. bxc3 Nc6 14. Re1
Bd7 15. Qxd5 cxd4 16. cxd4 O-O-O 17. Qc5 Kb8 18. g3 Rc8 19. Bd3 Rgd8 20. Ne5
Be8 21. Nxc6+ Rxc6 22. Qe5+ Qxe5 23. Rxe5 f6 24. Re3 e5 25. dxe5 fxe5 26. Bb5
Rc5 27. Bxe8 Rxe8 28. Rhe4 Rf8 29. Re2 Kc7 30. f4 exf4 31. Rxf4 Rg8 32. g4 Rcg5
33. Re7+ Kc8 34. Rc4+ Kb8 35. Rcc7 Rb5 36. Rg7 Rd8 37. g5 Rdd5 38. a4 Rb6 39.
Rcf7 a6 40. Rf8+ Ka7 41. Rgg8 Rb4 42. g6 Rg5 43. Ra8+ Kb6 44. Rg7 Rxa4 45. Rb8
Rag4 46. Rgxb7+ Ka5 47. g7 Rxg7 48. Rxg7 Rxg7 49. Kb2 Rg4 50. Kb3 Rg1 51. Kc4
Rg4+ 52. Kc5 Rg5+ 53. Kc4 Rg4+ 54. Kb3 Rg1 1/2-1/2

[Event "Weekend A"]
[Site "Bari ITA"]
[Date "2003.01.19"]
[Round "2"]
[White "Palma, Antonio"]
[Black "Campanile, Antonio"]
[Result "0-1"]
[WhiteElo "1813"]
[BlackElo "2180"]
[PlyCount "64"]
[EventDate "2003.01.18"]

1. d4 f5 2. c4 Nf6 3. Nf3 g6 4. g3 Bg7 5. Bg2 d6 6. Nc3 O-O 7. O-O Qe8 8. d5 a5
9. Rb1 Na6 10. a3 Nc5 11. b4 axb4 12. axb4 Nce4 13. Nb5 Qd8 14. Qb3 h6 15. Bb2
e5 16. dxe6 Bxe6 17. Ra1 Qd7 18. Qd3 Rxa1 19. Rxa1 Nxf2 20. Kxf2 Ne4+ 21. Kg1
Bxb2 22. Ra7 Qc6 23. Nfd4 Qb6 24. Ra2 Bxd4+ 25. Nxd4 Qxb4 26. Bxe4 Qe1+ 27. Kg2
fxe4 28. Nf3 Rxf3 29. Ra8+ Kh7 30. Rh8+ Kxh8 31. Qd4+ Kh7 32. exf3 Qe2+ 0-1

[Event "Weekend A"]
[Site "Bari ITA"]
[Date "2003.01.19"]
[Round "2"]
[White "Rizzo, Giovanbattista"]
[Black "Coratella, Giuseppe"]
[Result "1/2-1/2"]
[WhiteElo "2092"]
[BlackElo "2164"]
[PlyCount "60"]
[EventDate "2003.01.18"]

1. d4 g6 2. e4 Bg7 3. c4 d6 4. Nc3 Nc6 5. Be3 e5 6. Nge2 Nf6 7. f3 O-O 8. d5
Ne7 9. g4 c6 10. Qd2 a6 11. O-O-O cxd5 12. cxd5 b5 13. Kb1 Nd7 14. Nc1 f5 15.
Nb3 Nb6 16. gxf5 gxf5 17. Na5 b4 18. Ne2 Nbxd5 19. Nc6 Nxe3 20. Nxd8 Nxd1 21.
Qxd6 fxe4 22. Qxe7 exf3 23. Rg1 Bf5+ 24. Ka1 Bg6 25. Ng3 Ne3 26. Bc4+ Kh8 27.
Nf7+ Kg8 28. Nh6+ Kh8 29. Nf7+ Kg8 30. Nh6+ Kh8 1/2-1/2

[Event "Weekend A"]
[Site "Bari ITA"]
[Date "2003.01.19"]
[Round "2"]
[White "Sarno, Carlo"]
[Black "Tommaselli, Giacomo"]
[Result "1/2-1/2"]
[WhiteElo "1659"]
[BlackElo "2052"]
[PlyCount "40"]
[EventDate "2003.01.18"]

1. e4 d5 2. exd5 Qxd5 3. Nc3 Qa5 4. Nf3 Nf6 5. h3 Bf5 6. d3 e6 7. Bd2 c6 8. Be2
Nbd7 9. O-O h6 10. a3 Qc7 11. b4 Bd6 12. Qc1 O-O 13. Nd1 Rfd8 14. Ne3 Ne5 15.
Nxf5 Nxf3+ 16. Bxf3 exf5 17. Qb2 Be5 18. Bc3 Bxc3 19. Qxc3 Re8 20. Rfe1 Qd7
1/2-1/2

[Event "Weekend A"]
[Site "Bari ITA"]
[Date "2003.01.19"]
[Round "2"]
[White "Shytaj, Carlo"]
[Black "Indelicati, Giuseppe"]
[Result "1/2-1/2"]
[WhiteElo "2127"]
[BlackElo "2206"]
[PlyCount "52"]
[EventDate "2003.01.18"]

1. e4 e5 2. Nf3 Nc6 3. d4 exd4 4. Nxd4 Bc5 5. Be3 Qf6 6. c3 Nge7 7. Bc4 b6 8.
O-O O-O 9. f4 Bb7 10. e5 Qh6 11. Qd2 Bxd4 12. cxd4 Nf5 13. Nc3 d6 14. Bd5 dxe5
15. dxe5 Rad8 16. Qf2 Ba6 17. Rfe1 Nb4 18. Be4 Nd3 19. Bxd3 Rxd3 20. Rad1 Rfd8
21. Rxd3 Rxd3 22. Rd1 Rxd1+ 23. Nxd1 Bb7 24. Qd2 Qh4 25. Bf2 Qe7 26. Ne3 Nxe3
1/2-1/2

[Event "Weekend A"]
[Site "Bari ITA"]
[Date "2003.01.19"]
[Round "3"]
[White "Campanile, Antonio"]
[Black "Campanile, Roberto"]
[Result "1/2-1/2"]
[WhiteElo "2180"]
[BlackElo "2184"]
[PlyCount "31"]
[EventDate "2003.01.18"]

1. c4 g6 2. g3 Bg7 3. Bg2 d6 4. Nc3 e5 5. d3 Ne7 6. Nf3 O-O 7. O-O c5 8. Bd2
Nbc6 9. Qc1 f6 10. Ne1 Be6 11. Nc2 Qd7 12. Ne3 Bh3 13. Ncd5 Bxg2 14. Kxg2 Rae8
15. Qd1 Nxd5 16. Nxd5 1/2-1/2

[Event "Weekend A"]
[Site "Bari ITA"]
[Date "2003.01.19"]
[Round "3"]
[White "Coratella, Giuseppe"]
[Black "Shytaj, Carlo"]
[Result "1/2-1/2"]
[WhiteElo "2164"]
[BlackElo "2127"]
[PlyCount "59"]
[EventDate "2003.01.18"]

1. e4 Nf6 2. e5 Nd5 3. c4 Nb6 4. d4 d6 5. exd6 cxd6 6. Nc3 g6 7. Be3 Bg7 8. Rc1
O-O 9. b3 e5 10. dxe5 dxe5 11. Qxd8 Rxd8 12. c5 N6d7 13. Bc4 Nc6 14. Nf3 h6 15.
Nb5 Nf8 16. Nd6 Rd7 17. O-O Re7 18. Rfd1 Be6 19. Nd2 f5 20. f3 Rd8 21. a3 Bxc4
22. N2xc4 Ne6 23. b4 Ncd4 24. Kf1 b6 25. cxb6 axb6 26. a4 Ra7 27. a5 bxa5 28.
bxa5 Bf8 29. Nb5 Ra6 30. Nc3 1/2-1/2

[Event "Weekend A"]
[Site "Bari ITA"]
[Date "2003.01.19"]
[Round "3"]
[White "Di Lascio, Savino"]
[Black "Palma, Antonio"]
[Result "1-0"]
[WhiteElo "1864"]
[BlackElo "1813"]
[PlyCount "87"]
[EventDate "2003.01.18"]

1. Nf3 c5 2. g3 g6 3. Bg2 Bg7 4. d3 e6 5. O-O Nc6 6. e4 Nge7 7. c3 O-O 8. Na3
d5 9. Qe2 a6 10. Nc2 b5 11. Bg5 h6 12. exd5 exd5 13. Be3 Qd6 14. Rae1 Be6 15.
Qd2 Kh7 16. b4 d4 17. Bf4 dxc3 18. Qd1 Qd8 19. bxc5 Rc8 20. a3 a5 21. Bd6 b4
22. axb4 axb4 23. Rxe6 fxe6 24. Qb1 Nd5 25. d4 Qf6 26. Nh4 b3 27. Qxb3 Nxd4 28.
Nxd4 Qxd4 29. Qc2 Rf5 30. Rd1 Qf6 31. Nxf5 Qxf5 32. Be4 Qf7 33. h4 Nb4 34. Qb3
Nd5 35. h5 Kg8 36. hxg6 Qf6 37. Bxd5 exd5 38. Qxd5+ Kh8 39. Qd3 Bf8 40. Bxf8
Rxf8 41. f4 Rg8 42. Rc1 Rxg6 43. Qxc3 Kg7 44. c6 1-0

[Event "Weekend A"]
[Site "Bari ITA"]
[Date "2003.01.19"]
[Round "3"]
[White "Indelicati, Giuseppe"]
[Black "Rizzo, Giovanbattista"]
[Result "1-0"]
[WhiteElo "2206"]
[BlackElo "2092"]
[PlyCount "61"]
[EventDate "2003.01.18"]

1. e4 d6 2. d4 Nf6 3. Nc3 c6 4. f4 Qa5 5. Bd3 d5 6. e5 Ne4 7. Nf3 Bg4 8. O-O
Nxc3 9. Qe1 e6 10. bxc3 Bxf3 11. Rxf3 g6 12. Bd2 Qa4 13. Qb1 b5 14. g4 h5 15.
Rh3 Nd7 16. gxh5 O-O-O 17. Qf1 gxh5 18. f5 Bh6 19. Bxh6 Rxh6 20. Kh1 a6 21. Rg3
c5 22. Qf2 c4 23. Bf1 Qa3 24. Bh3 h4 25. Rf3 Kc7 26. Qd2 Rdh8 27. Rg1 Qxa2 28.
fxe6 fxe6 29. Rf7 Kd8 30. Rgg7 Nb6 31. Qg5+ 1-0

[Event "Weekend A"]
[Site "Bari ITA"]
[Date "2003.01.19"]
[Round "3"]
[White "Lorusso, Lucio"]
[Black "Sarno, Carlo"]
[Result "1-0"]
[WhiteElo "2059"]
[BlackElo "1659"]
[PlyCount "85"]
[EventDate "2003.01.18"]

1. e4 e5 2. Nf3 d6 3. d4 exd4 4. Nxd4 Be7 5. Bc4 Bf6 6. Nc3 Ne7 7. O-O O-O 8.
Nce2 Nbc6 9. c3 a6 10. h3 b5 11. Bd5 Bb7 12. Nxc6 Bxc6 13. Bxc6 Nxc6 14. Ng3 g6
15. Bh6 Re8 16. f4 Qd7 17. f5 Bh4 18. fxg6 hxg6 19. Rf3 Bxg3 20. Rxg3 Rxe4 21.
Qd5 Re6 22. Rf1 Rae8 23. a3 Ne5 24. Bg5 Kg7 25. Bf4 c6 26. Qd4 R8e7 27. Be3 Re8
28. Qf4 Rh8 29. b4 Qe7 30. Bd4 Rh5 31. Qf3 Rh7 32. Qxc6 f6 33. Qxa6 Qd7 34. a4
bxa4 35. Ra1 Rh8 36. Qxa4 Rb8 37. Qc2 Qf7 38. Ra7 Re7 39. Rxe7 Qxe7 40. Bxe5
Qxe5 41. Qxg6+ Kf8 42. Qg8+ Ke7 43. Rg7# 1-0

[Event "Weekend A"]
[Site "Bari ITA"]
[Date "2003.01.19"]
[Round "3"]
[White "Pizzuto, Samuele Tullio"]
[Black "Garrapa, Gianluigi"]
[Result "1-0"]
[WhiteElo "2137"]
[BlackElo "1864"]
[PlyCount "93"]
[EventDate "2003.01.18"]

1. e4 e5 2. Nf3 Nc6 3. Nc3 Nf6 4. Bb5 Bb4 5. O-O O-O 6. d3 Bxc3 7. bxc3 d6 8.
Bg5 Qe7 9. Re1 Nd8 10. d4 Ne6 11. Bc1 c5 12. Bf1 cxd4 13. cxd4 Qc7 14. Bb2 Rd8
15. c4 b6 16. d5 Nc5 17. Nd2 Bg4 18. Qc2 Nfd7 19. g3 Bh5 20. Bg2 Rf8 21. Nf1
Bg6 22. Ne3 Rac8 23. Rac1 Nf6 24. f3 Qd7 25. Ba1 Qa4 26. Qe2 Rc7 27. g4 Nfd7
28. h4 h6 29. Nd1 Nb8 30. Nc3 Qd7 31. Qe3 Qe7 32. Nb5 Rb7 33. g5 hxg5 34. hxg5
f5 35. gxf6 Qxf6 36. f4 exf4 37. Qf3 Qd8 38. Qg4 Bh7 39. Rc3 Rbf7 40. Rh3 g5
41. Rh5 Re8 42. Rxg5+ Kf8 43. Qh4 f3 44. Qh6+ Ke7 45. Bxf3 Rg8 46. Bh5 Qf8 47.
Qxd6+ 1-0

[Event "Weekend A"]
[Site "Bari ITA"]
[Date "2003.01.19"]
[Round "3"]
[White "Vespe, Francesco"]
[Black "Tommaselli, Giacomo"]
[Result "1/2-1/2"]
[WhiteElo "1849"]
[BlackElo "2052"]
[PlyCount "37"]
[EventDate "2003.01.18"]

1. d4 Nf6 2. c4 e6 3. Nf3 b6 4. g3 Bb7 5. Bg2 Be7 6. O-O O-O 7. Nc3 d6 8. Bf4
Nbd7 9. Rc1 a6 10. Qd2 Re8 11. Rfd1 Bf8 12. Qc2 Rc8 13. b4 Qe7 14. a3 Red8 15.
h4 h6 16. e4 e5 17. Be3 g6 18. Nd5 Nxd5 19. cxd5 1/2-1/2

[Event "Weekend A"]
[Site "Bari ITA"]
[Date "2003.01.25"]
[Round "4"]
[White "Campanile, Roberto"]
[Black "Coratella, Giuseppe"]
[Result "1-0"]
[WhiteElo "2184"]
[BlackElo "2164"]
[PlyCount "45"]
[EventDate "2003.01.18"]

1. d4 g6 2. e4 Bg7 3. Nc3 d6 4. Be3 Nf6 5. h3 O-O 6. Nf3 c6 7. a4 Qc7 8. Be2 e5
9. dxe5 dxe5 10. O-O Rd8 11. Qc1 Nbd7 12. Bc4 Nf8 13. Ng5 Ne6 14. f4 exf4 15.
Bxf4 Qb6+ 16. Be3 Qb4 17. Bb3 Nxg5 18. Bxg5 Qd4+ 19. Kh1 Be6 20. Qf4 Nh5 21.
Qf3 Be5 22. Ne2 Qc5 23. g4 1-0

[Event "Weekend A"]
[Site "Bari ITA"]
[Date "2003.01.25"]
[Round "4"]
[White "Garrapa, Gianluigi"]
[Black "Vespe, Francesco"]
[Result "1-0"]
[WhiteElo "1864"]
[BlackElo "1849"]
[PlyCount "121"]
[EventDate "2003.01.18"]

1. e4 e6 2. d4 d5 3. Nd2 Nf6 4. e5 Nfd7 5. Bd3 c5 6. c3 Nc6 7. Ne2 Qb6 8. Nf3
cxd4 9. cxd4 Bb4+ 10. Bd2 Bxd2+ 11. Qxd2 Qb4 12. O-O f6 13. exf6 Nxf6 14. Qg5
Qe7 15. Qh4 Bd7 16. Bg6+ Kf8 17. Ne5 Nxe5 18. dxe5 Ng4 19. Qxg4 hxg6 20. Nf4
Be8 21. Qxe6 Qh4 22. Qh3 Qxh3 23. Nxh3 Bc6 24. f4 Ke7 25. Ng5 Rhf8 26. Rad1
Rad8 27. Rd4 a6 28. g3 Rc8 29. Rfd1 Rcd8 30. Kf2 Rd7 31. Ke3 Rc8 32. R4d2 Rh8
33. h4 Rf8 34. Nf3 Rc8 35. Rc1 Rdc7 36. Rdc2 Kd7 37. Nd4 Ke7 38. Kf3 Kf7 39.
Rc5 Ke7 40. b4 Kd7 41. Kg4 Ke7 42. Kg5 Kd7 43. Kxg6 Ke8 44. a4 Ke7 45. Nf5+ Kf8
46. Nd6 Rb8 47. b5 axb5 48. axb5 d4 49. bxc6 bxc6 50. Rxc6 Rxc6 51. Rxc6 d3 52.
Ne4 Rb4 53. Rd6 Rxe4 54. Rxd3 Rc4 55. Re3 Rc6+ 56. e6 Kg8 57. f5 Kf8 58. Re4
Rc3 59. g4 Rc6 60. g5 Ra6 61. f6 1-0

[Event "Weekend A"]
[Site "Bari ITA"]
[Date "2003.01.25"]
[Round "4"]
[White "Pizzuto, Samuele Tullio"]
[Black "Indelicati, Giuseppe"]
[Result "1/2-1/2"]
[WhiteElo "2137"]
[BlackElo "2206"]
[PlyCount "103"]
[EventDate "2003.01.18"]

1. e4 e5 2. Nf3 Nc6 3. Bb5 a6 4. Bxc6 dxc6 5. O-O Bd6 6. d4 exd4 7. Qxd4 f6 8.
b3 Be6 9. Ba3 Bxa3 10. Nxa3 Qxd4 11. Nxd4 Bd7 12. c4 c5 13. Ne2 Ne7 14. Nf4 Nc6
15. Nd5 O-O-O 16. Nc2 Rhe8 17. f3 Ne5 18. Nce3 Nc6 19. Rfd1 Nd4 20. Rd2 c6 21.
Nb6+ Kc7 22. Na4 Bc8 23. Rad1 Ne6 24. Kf2 Rxd2+ 25. Rxd2 b6 26. h4 a5 27. h5
Nd4 28. g4 Re7 29. Nc2 Rd7 30. Nxd4 cxd4 31. c5 b5 32. Nb6 Rd8 33. Nxc8 Kxc8
34. Ke2 Rd7 35. Kd3 Kd8 36. f4 Ke7 37. Rg2 Ke6 38. Rd2 Rd8 39. Rg2 h6 40. Rg3
Rd7 41. g5 hxg5 42. fxg5 Ke5 43. gxf6 gxf6 44. Rf3 Rd8 45. Rf5+ Ke6 46. h6 Rh8
47. Rh5 Kf7 48. Kxd4 Kg6 49. Rh1 Rxh6 50. Rxh6+ Kxh6 51. e5 Kg7 52. exf6+
1/2-1/2

[Event "Weekend A"]
[Site "Bari ITA"]
[Date "2003.01.25"]
[Round "4"]
[White "Rizzo, Giovanbattista"]
[Black "Lorusso, Lucio"]
[Result "1-0"]
[WhiteElo "2092"]
[BlackElo "2059"]
[PlyCount "73"]
[EventDate "2003.01.18"]

1. d4 d5 2. c4 c6 3. Nc3 Nf6 4. e3 e6 5. Bd3 dxc4 6. Bxc4 Nbd7 7. f4 Bb4 8. Nf3
Ne4 9. O-O Nxc3 10. bxc3 Bxc3 11. Rb1 O-O 12. Ba3 Re8 13. Ng5 Nf6 14. Rb3 Ba5
15. e4 b5 16. Bd3 Qxd4+ 17. Kh1 g6 18. Bb2 Qd8 19. e5 Nd5 20. Ne4 Bb6 21. Qg4
f5 22. exf6 e5 23. Qh4 Rf8 24. fxe5 Ne3 25. Ng5 h5 26. Bxg6 Bg4 27. Rxe3 Bxe3
28. e6 Bd4 29. Bxh5 Rxf6 30. Bf7+ Kg7 31. Qh7+ Kf8 32. Qh8+ Ke7 33. Qxf6+ Bxf6
34. Bxf6+ Kd6 35. Bxd8 Rxd8 36. h3 Be2 37. Re1 1-0

[Event "Weekend A"]
[Site "Bari ITA"]
[Date "2003.01.25"]
[Round "4"]
[White "Sarno, Carlo"]
[Black "Palma, Antonio"]
[Result "0-1"]
[WhiteElo "1659"]
[BlackElo "1813"]
[PlyCount "112"]
[EventDate "2003.01.18"]

1. e4 c5 2. Nf3 e6 3. d4 cxd4 4. Nxd4 Nc6 5. Nxc6 bxc6 6. Bd3 e5 7. O-O Nf6 8.
h3 Be7 9. Nc3 Rb8 10. b3 O-O 11. f4 d6 12. fxe5 dxe5 13. Be3 Qa5 14. Ne2 Rd8
15. Qc1 Ba6 16. Bxa6 Qxa6 17. Ng3 Rd7 18. Rd1 Ba3 19. Qb1 Rbd8 20. Rxd7 Rxd7
21. c4 c5 22. Qc2 Qd6 23. Re1 Bb4 24. Re2 h6 25. Kh2 Qc6 26. Bc1 Qe6 27. a3 Ba5
28. Be3 Qc6 29. Bc1 h5 30. Bg5 Nh7 31. Bc1 g6 32. Nf1 Nf8 33. Ne3 Ne6 34. Bb2
Qd6 35. Nd5 Nd4 36. Bxd4 exd4+ 37. Kg1 Qe5 38. Qd3 Bd8 39. g3 Bg5 40. Kg2 a5
41. Rf2 Rd6 42. Qf3 Qg7 43. h4 Bd8 44. e5 Re6 45. Nf6+ Bxf6 46. exf6 Qf8 47.
Qd5 Qc8 48. Qg5 Qc6+ 49. Kh2 Re1 50. Rg2 d3 51. Qd2 Ra1 52. Qxd3 Qxf6 53. a4
Rf1 54. Qd2 Qa1 55. g4 Qe5+ 56. Kh3 Rf3+ 0-1

[Event "Weekend A"]
[Site "Bari ITA"]
[Date "2003.01.25"]
[Round "4"]
[White "Shytaj, Carlo"]
[Black "Campanile, Antonio"]
[Result "1-0"]
[WhiteElo "2127"]
[BlackElo "2180"]
[PlyCount "109"]
[EventDate "2003.01.18"]

1. e4 d5 2. exd5 Qxd5 3. Nc3 Qd6 4. d4 Nf6 5. Nf3 a6 6. Be2 Nc6 7. Be3 Bf5 8.
O-O e6 9. Na4 Be7 10. Nc5 Ng4 11. c3 b6 12. Nd3 Nxe3 13. fxe3 O-O 14. Nf2 Bg6
15. Bd3 Qd5 16. e4 Qd7 17. e5 Bd8 18. Bxg6 hxg6 19. Ne4 Ne7 20. Nfg5 Nf5 21.
Qf3 Bxg5 22. Nxg5 Qe7 23. Ne4 Qh4 24. Kh1 Nh6 25. g3 Qd8 26. Rad1 Qd5 27. b3
Rad8 28. Rd2 Rd7 29. g4 Rfd8 30. Rfd1 Kf8 31. Kg2 Qa8 32. Kg3 Qb8 33. Qf4 Qb7
34. h3 Qc6 35. c4 a5 36. a4 Qb7 37. Nc3 c6 38. Ne4 Qc7 39. Nd6 f5 40. Rc2 Nf7
41. gxf5 g5 42. Qg4 Nxd6 43. fxe6 Re7 44. exd6 Qxd6+ 45. Kg2 Qxe6 46. Qxe6 Rxe6
47. c5 bxc5 48. Rxc5 Re2+ 49. Kf3 Rb2 50. Rd3 Rb8 51. Rxa5 R8xb3 52. Rxb3 Rxb3+
53. Ke4 Rxh3 54. Rxg5 Ra3 55. a5 {...} 1-0

[Event "Weekend A"]
[Site "Bari ITA"]
[Date "2003.01.25"]
[Round "4"]
[White "Tommaselli, Giacomo"]
[Black "Di Lascio, Savino"]
[Result "0-1"]
[WhiteElo "2052"]
[BlackElo "1864"]
[PlyCount "124"]
[EventDate "2003.01.18"]

1. d4 Nf6 2. Nf3 b6 3. Bg5 Ne4 4. Bh4 Bb7 5. Nbd2 g6 6. e3 Bg7 7. Bd3 d5 8. c3
O-O 9. O-O Nd7 10. Ne1 f5 11. f3 Nd6 12. Bc2 c5 13. Nd3 Qe8 14. f4 Bf6 15. Qe1
Ba6 16. Rf3 Rc8 17. Ne5 Ne4 18. Rh3 Nxd2 19. Qxd2 Bxh4 20. Rxh4 Nxe5 21. fxe5
e6 22. Rf4 Rc7 23. Bd3 Bxd3 24. Qxd3 g5 25. Rf2 Qg6 26. Raf1 Kg7 27. a3 h5 28.
Qc2 cxd4 29. exd4 f4 30. Qxg6+ Kxg6 31. h4 Rcf7 32. hxg5 Kxg5 33. Rf3 Rf5 34.
Kf2 h4 35. Rh3 Kg4 36. Rfh1 Rh8 37. R1h2 b5 38. Rh1 a5 39. Ke2 a4 40. Kf2 Rg5
41. Ke2 Kf5 42. Kf2 Rg4 43. R1h2 Kg5 44. Rh1 Rg3 45. R3h2 Kg4 46. Ke2 h3 47.
Rg1 Rh5 48. Kf2 Rh4 49. gxh3+ Rhxh3 50. Rgh1 Rf3+ 51. Ke2 Re3+ 52. Kd2 Rd3+ 53.
Kc2 Rxh2+ 54. Rxh2 Rh3 55. Rg2+ Rg3 56. Rf2 f3 57. Kd3 Rg2 58. Ke3 Rxf2 59.
Kxf2 Kf4 60. Kf1 Ke3 61. Ke1 f2+ 62. Kf1 Kf3 0-1

[Event "Weekend A"]
[Site "Bari ITA"]
[Date "2003.01.26"]
[Round "5"]
[White "Campanile, Antonio"]
[Black "Rizzo, Giovanbattista"]
[Result "0-1"]
[WhiteElo "2180"]
[BlackElo "2092"]
[PlyCount "64"]
[EventDate "2003.01.18"]

1. c4 d6 2. g3 g6 3. Bg2 Bg7 4. Nc3 Nf6 5. Nf3 O-O 6. O-O c6 7. d3 a5 8. Rb1 e5
9. a3 Re8 10. Qc2 h6 11. b4 axb4 12. axb4 Bg4 13. Nd2 Qd7 14. b5 Bh3 15. Nde4
Bxg2 16. Nxf6+ Bxf6 17. Kxg2 Bg7 18. Bd2 Qc7 19. e4 Nd7 20. Ne2 Nc5 21. f4 Rad8
22. f5 d5 23. cxd5 cxd5 24. fxg6 fxg6 25. b6 Qc6 26. Rbc1 dxe4 27. Qxc5 Qxc5
28. Rxc5 exd3 29. Ng1 e4 30. Rc7 e3 31. Rff7 Ba1 32. Rxb7 exd2 0-1